000 00607cam a2200205 4500500
005 20260329003204.0
041 _afre
042 _adc
100 1 0 _aLequin, Mathilde
_eauthor
245 0 0 _aLa peinture des Lumières: De Watteau à Goya
260 _c2014.
500 _a7
690 _aGoya
690 _aLumières
690 _aPeinture
690 _aTzvetan Todorov
690 _aWatteau
786 0 _nPhilosophie magazine | 85 | 12-1 | 2014-12-01 | p. 61-61 | 1951-1787
856 4 1 _uhttps://shs.cairn.info/magazine-philosophie-magazine-2014-12-1-page-61?lang=fr&redirect-ssocas=7080
999 _c1822210
_d1822210